MARC

Tag First Indicator Second Indicator Subfields
LEADER 00000cam a2200000Ia 4500
001 in00001670708
005 20151024124259.0
007 hd afa014baca
008 000617s1985 dcu a f000 0 eng d
035 |a (OCoLC)ocm44425922 
040 |a HDB  |c HDB  |d UtOrBLW 
043 |a n-us--- 
049 |a TXAM 
090 |a JK1108  |b .M35 Suppl. 1985-86 reel 2, fr. 0448 
099 |a Film  |a S  |a 1707  |a 1985-1986, reel 2, fr. 0448  
100 1 |a Porter, Allison I. 
245 1 4 |a The social security number :  |b its historical development and legal restrictions on its use /  |c Allison I. Porter, Patricia R. Hennessey; updated by Joseph Maheady. 
264 1 |a Washington, D.C. :  |b Congressional Research Service, Library of Congress,  |c 1985. 
300 |a [i], 27 pages ;  |c 28 cm. 
336 |a text  |b txt  |2 rdacontent 
337 |a microform  |b h  |2 rdamedia 
338 |a microfilm reel  |b hd  |2 rdacarrier 
500 |a Title from cover. 
500 |a "Updated March 12, 1985." 
500 |a "January 27, 1982." 
500 |a "85-655 A." 
500 |a "American Law Division." 
504 |a Includes bibliographical references. 
533 |a Microfilm.  |b Frederick, MD :  |c University Publications of America,  |d 1986.  |e on 1 microfilm reel ; 35 mm. Low reduction.  |f (Major studies and issue briefs of the Congressional Research Service. 1985-1986 supplement ; reel 2, fr. 0448). 
500 |a Microform. 
650 0 |a Identification numbers, Personal  |x History  |z United States. 
650 0 |a Social security  |z United States  |x History. 
650 0 |a Social security  |x Law and legislation  |z United States. 
650 0 |a Social security registration  |z United States. 
700 1 |a Hennessey, Patricia,  |d 1954- 
700 1 |a Maheady, Joseph. 
710 2 |a Library of Congress.  |b Congressional Research Service. 
830 0 |a Report (Library of Congress. Congressional Research Service) ;  |v no. 85-655 A. 
830 0 |a Major studies and issue briefs of the Congressional Research Service.  |p Supplement ;  |v 1985-1986, reel 2, fr. 0448. 
994 |a 92  |b TXA 
999 |a MARS 
999 f f |s 34b59df4-52e8-3de5-89df-aa0340112c16  |i f676e4ab-baee-3b0e-962e-2ab41a8c2d3b  |t 0 
952 f f |a Texas A&M University  |b College Station  |c Sterling C. Evans Library  |d Evans: Microforms (3rd floor)  |t 0  |e Film S 1707 1985-1986, reel 2, fr. 0448  |h Other scheme 
998 f f |a Film S 1707 1985-1986, reel 2, fr. 0448  |t 0  |l Evans: Microforms (3rd floor)